|
|
|
|
| LEADER |
00000naa a2200000 a 4500 |
| 001 |
vtls011846376 |
| 003 |
SK-MaSNL |
| 005 |
20260302133505.0 |
| 008 |
210910|1999 xo |||||||||||||||||slo| |
| 015 |
|
|
|a SNBCL
|
| 035 |
|
|
|a (urnnbn)urn:nbn:sk:snk:ar-008qpo
|
| 035 |
|
|
|a urn:nbn:sk:snk-aaw2gr
|
| 035 |
|
|
|a (uuid)0d5bde61-0722-40b4-b331-1027ca0fe25e
|
| 040 |
|
|
|a SNKBUCL
|b slo
|c SNKBUCL
|e AACR2
|
| 041 |
|
|
|a slo
|
| 044 |
|
|
|a xo
|c SK
|
| 100 |
1 |
|
|a Gálik, Roman,
|d 1937-2018
|4 aut
|9 189311
|
| 245 |
1 |
0 |
|a ÚPRAVA A FORMA SKRMOVANIA JADROVÝCH KRMÍV VO VÝŽIVE OŠÍPANÝCH
|c Roman Gálik
|
| 246 |
3 |
|
|a TRIMMING AND FORM OF CONCENTRATES IN PIG FEEDING
|
| 336 |
|
|
|a text
|b txt
|c rdacontent
|
| 337 |
|
|
|a bez média
|b n
|c rdamedia
|
| 338 |
|
|
|a zväzok
|b nc
|c rdacarrier
|
| 655 |
|
7 |
|a články zo zborníkov
|2 snkbucl
|9 166140
|
| 773 |
0 |
|
|t Technológia a technika na výrobu jadrových kŕmnych zmesí v poľnohospodárskych subjektoch
|d V Nitre : Slovenská poľnohospodárska univerzita, 1999
|g S. 19-28
|z 8071375977
|
| 958 |
|
|
|a OND
|
| 958 |
|
|
|a article26
|
| 958 |
|
|
|a chapter
|
| 999 |
|
|
|c 1317032
|d 1318962
|